000 00676nam a2200229Ia 4500
008 180523s9999 xx 000 0 und d
020 _a0-8407-4377-7
050 _aMAIN BV 4509.5
050 _b.M39 1993
100 _aMaxwell, John C.
245 4 _aThe Winning attitude /
245 0 _cJohn C. Maxwell.
260 _aNashville :
260 _bThomas Nelson Publishers,
260 _c1993
300 _a223 pages :
300 _c21 cm.
500 _aIncludes bibliographical references.
650 _aAttitude (Psychology) -- Religious aspects -- Christianity.
650 _aSuccess -- Religious aspects -- Christianity.
650 _xChristian life -- 1960-.
999 _c356535
_d356535